Capital Cities Closest to an Unknown Capital City #3 - Statistics

General Stats
  • This quiz has been taken 12 times
  • The average score is 16 of 21
Answer Stats
km Capital miles % Correct
802 New Delhi 498
100%
1346 Islamabad 836
92%
1710 Kabul 1063
92%
Kathmandu
92%
2855 Astana 1774
83%
2209 Bangkok 1373
83%
1942 Bishkek 1207
83%
671 Dhaka 417
83%
1949 Dushanbe 1211
83%
2205 Hanoi 1370
83%
2719 Phnom Penh 1689
83%
2102 Tashkent 1306
83%
426 Thimphu 265
83%
2072 Vientiane 1288
83%
1410 Naypyidaw 876
75%
2749 Ashgabat 1708
67%
2382 S. J. Kotte 1480
67%
2902 Male 1803
58%
2731 Muscat 1697
58%
3104 Abu Dhabi 1929
50%
2919 Ulaanbaatar 1814
42%
No matching quizzes found
Score Distribution
Percent of People with Each Score
Percentile by Number Answered
Your Score History
You have not taken this quiz